Kraje chcące niepodległości - Statystyki

Ogólne statystyki
  • Ten quiz został rozwiązany 356 razy
  • Średni wynik to 9 z 25
Statystyki odpowiedzi
Obrazkowy Odpowiedź % Poprawnych
Walia
94%
Katalonia
90%
Tajwan
74%
Wyspy owcze
72%
Hong Kong
70%
Bawaria
64%
Tybet
60%
Śląsk
59%
Kurdystan
53%
Kraj Basków
42%
Sahara zachodnia
37%
Somaliland
33%
Sardynia
32%
Quebec
26%
Galicja
20%
Bretania
19%
Flandria
15%
Fryzja
14%
Aragonia
10%
Kornwalia
8%
Oksytania
8%
Andaluzja
6%
Alzacja
2%
Karyntia
1%
Szlezwik-Holsztyn
1%
Nie znaleziono quizów pasujących do podanych kryteriów
Rozkład punktacji
Procent ludzi z każdym wynikiem
Percentyl według liczby udzielonych odpowiedzi
Twoja historia wyników
Nie rozwiązałeś tego quizu